Technológia hydinárskeho priemyslu

Salvato in:
Dettagli Bibliografici
Autore principale: Smirnov, Vladimír
Natura: Libro
Lingua:slovacco
Pubblicazione: Bratislava Slovenská vysoká škola technická 1977
Edizione:1. vyd.
Soggetti:
Accesso online:Visualizza in OPAC
Tags: Aggiungi Tag
Nessun Tag, puoi essere il primo ad aggiungerne!!

MARC

LEADER 00000cam a2200000 a 4500
005 20260127134056.0
008 180814s1977 xo oa e n 00000 slo
015 |a SNBA1978 
035 |a vtls001110774 
035 |a SNK000053617 
039 9 |a 201808141246  |b VLOAD  |c 201808141246  |d VLOAD  |c 201407291109  |d msnk20  |c 201406261228  |d msnk21  |y 200412242005  |z VLOAD 
040 |a SNK  |b slo  |c SNK  |d STUSCHK1  |d SNK  |e AACR2 
041 0 |a slo 
044 |a xo  |c SK 
080 |a 637.4+637.54(075.8)  |2 1981 
080 |a 637.54(075.8)  |2 1981 
080 |a 637.54  |2 1981 
080 |a 637.4(075.8)  |2 1981 
100 1 |a Smirnov, Vladimír 
245 1 0 |a Technológia hydinárskeho priemyslu  |c Vladimír Smirnov 
250 |a 1. vyd. 
260 |a Bratislava  |b Slovenská vysoká škola technická  |c 1977 
300 |a 303 s.  |b fotogr., sch., tab.  |c 29 cm 
366 |e 250 výt. 
504 |a Bibliogr. odkazy 
650 0 7 |a hydinársky priemysel  |2 SNKPH 
655 7 |a učebnice vysokých škôl  |2 SNKPH 
910 |a schk95 
910 |a snk 
958 |a OND 
958 |a NB 
958 |a RM 
958 |a UV 
999 |c 3515  |d 3515